| 000 | 00526nam a22001697a 4500 | ||
|---|---|---|---|
| 999 |
_c157963 _d157963 |
||
| 005 | 20181011163104.0 | ||
| 010 | _aB-158768 | ||
| 035 | _aB-158768 | ||
| 037 | _bA P H publishing corporation | ||
| 082 | _a485 | ||
| 100 | _aKleiser, Grenville | ||
| 245 |
_aExploring English Grammer/ _cby Grenville Kleiser |
||
| 260 |
_aNew Delhi _bA P H publishing corporation _c2004 |
||
| 300 |
_avii, 203p. _c20c.m.(Pbk) |
||
| 942 |
_2ddc _cEN _h485 _mKLE |
||